| 000 | 00822nam a22002057a 4500 | ||
|---|---|---|---|
| 999 |
_c3770 _d3770 |
||
| 003 | AR-CdUCM | ||
| 008 | 190306b ||||| |||| 00| 0 spa d | ||
| 020 | _a84-86587-13-1 | ||
| 040 |
_aMUNICIPALIDAD PROVINCIAL DEL CUSCO _cBIBLIOTECA MUNICIPAL DEL CUSCO |
||
| 082 |
_a323.4 / _bAM54 |
||
| 110 |
_aPublicaciones por Amnistía Internacional _910050 |
||
| 245 |
_aAmnistía Internacional : _binforme1981 / |
||
| 260 |
_aEspaña : _bEdiciones de la torre, _c1987. |
||
| 300 |
_a383 páginas ; _c22 cm. |
||
| 505 | _aContenido: Amnistía internacional: una campaña a escala mundial -- África -- América -- Asia y Oceanía -- Oceanía -- Europa -- Oriente Medio y África del Norte -- Misiones: Enero-diciembre de 1981. | ||
| 650 |
_aAmnistía _911201 |
||
| 650 |
_aInforme _912183 |
||
| 942 |
_2ddc _cLIBROS |
||
| 945 | _azta | ||